Estatísticas para Países que sediam ou sediaram etapas da Fórmula 1

Clique aqui para jogar o quiz

Estatísticas Gerais

  • Esse quiz foi jogado 1 008 vezes
    (865 desde o último reset)
  • A pontuação média é 29 de 35

Estatísticas das Respostas

Países% Correto
Brasil
99%
Estados Unidos
99%
Itália
96%
Alemanha
95%
Austrália
95%
Canadá
95%
Espanha
95%
México
95%
França
94%
Japão
93%
China
92%
Reino Unido
92%
Argentina
91%
Áustria
90%
Mônaco
90%
Rússia
90%
Portugal
89%
Bélgica
88%
Países Baixos
86%
Arábia Saudita
85%
África do Sul
83%
Bahrein
83%
Catar
78%
Emirados Árabes Unidos
77%
Singapura
76%
Hungria
74%
Azerbaijão
73%
Coreia do Sul
71%
Índia
71%
Suíça
69%
Suécia
68%
Turquia
65%
Malásia
59%
Marrocos
54%
San Marino
52%

Distribuição das Pontuações

Percentil de Números Respondidos

Porcentagem de Pessoas com Cada Pontuação

Sua Pontuação Histórica

Você não jogou esse quiz desde o último reset